000 01027cam a2200229 4500
008 000000n2001 000 0 eng u
020 _a0632056517
035 _a(Sirsi) u109825
050 _a347.4107
100 _aRedmond, John
245 _aAdjudication in construction contracts.
260 _aOxford
_bBlackwell Science
_c2001
300 _aix,262p. ; 25cm.
350 _a49.50
520 _aLooks at how adjudication, which was introduced in 1998 under the Housing Grants, Construction and Regeneration Act 1996, has been working in practice. Covers major court decisions and deals with costs, enforcement and payment.
650 _aBUILT ENVIRONMENT-BUILDING CONTRACT FORMS
650 _aMANAGEMENT-DISPUTE AVOIDANCE, MANAGEMENT AND RESOLUTION-DISPUTE MANAGEMENT AND RESOLUTION-ALTERNATIVE DISPUTE RESOLUTION-ADJUDICATION-ADJUDICATORS
650 _aHOUSING GRANTS CONSTRUCTION AND REGENERATION ACT 1996
650 _aSCHEME FOR CONSTRUCTION CONTRACTS
690 _aDispute resolution
_96236
942 _n0
999 _c100998
_d100998